[Event "Biel 2015"]
[Site "Biel"]
[Date "24.07.2015"]
[Round "5"]
[White "Wojtaszek,R"]
[Black "Adams,Mi"]
[Result "1/2-1/2"]
[WhiteElo "2733"]
[BlackElo "2740"]
[EventDate "2015.07.20"]

1. d4 Nf6 2. c4 e6 3. g3 d5 4. Nf3 Bb4+ 5. Bd2 Be7 6. Bg2 c6 7. O-O Nbd7 8.
Nc3 O-O 9. Bf4 Nh5 10. Bc1 Nhf6 11. Qd3 b6 12. b3 Ba6 13. Rd1 c5 14. Nb5
Bxb5 15. cxb5 a6 16. bxa6 Qc8 17. Bb2 Qxa6 18. Qxa6 Rxa6 19. a4 Rc8 20.
Rdc1 Ne4 21. e3 Ra7 22. Bf1 f5 23. Rc2 g5 24. dxc5 bxc5 25. Nd4 Kf7 26. Nb5
Raa8 27. f3 Nef6 28. a5 g4 29. f4 Nb8 30. Be5 Nc6 31. Nd6+ Bxd6 32. Bxd6
Ne4 33. Bxc5 Rxa5 34. Rac1 Rb8 35. Bd6 Nxd6 36. Rxc6 Ne8 37. Rb1 Rb4 38.
Ra6 Rxa6 39. Bxa6 Nd6 40. Bd3 Kf6 41. Kf2 e5 42. fxe5+ Kxe5 43. Ke2 Ne4 44.
Bxe4 Kxe4 45. Kf2 h6 46. Ke2 1/2-1/2

[Event "Biel 2015"]
[Site "Biel"]
[Date "24.07.2015"]
[Round "5"]
[White "Eljanov,P"]
[Black "Rapport,R"]
[Result "1/2-1/2"]
[WhiteElo "2723"]
[BlackElo "2671"]
[EventDate "2015.07.20"]

1. d4 e6 2. c4 f5 3. g3 Nf6 4. Bg2 Be7 5. Nc3 O-O 6. Nf3 d5 7. O-O c6 8.
Qc2 Ne4 9. Bf4 Nd7 10. Rad1 g5 11. Be3 Nd6 12. b3 Bf6 13. Bc1 Rf7 14. Ba3
Ne4 15. Nxe4 fxe4 16. Ne5 Nxe5 17. dxe5 Be7 18. Bd6 Bxd6 19. exd6 Bd7 20.
f3 exf3 21. Bxf3 Qa5 22. c5 b6 23. Bh5 Rxf1+ 24. Rxf1 Qxc5+ 25. Qxc5 bxc5
26. Rf7 Rd8 27. Re7 e5 28. g4 e4 29. Kf2 a5 30. h3 a4 31. bxa4 c4 32. a5 c3
33. Ke1 c5 34. a6 e3 35. Rxe3 d4 36. Re7 Bc6 37. a7 Rxd6 38. Re8+ Kg7 39.
a8=Q Bxa8 40. Rxa8 d3 41. Ra7+ Kh6 42. exd3 Rxd3 43. Ra6+ Kg7 44. Ra7+ Kh6
1/2-1/2

[Event "Biel 2015"]
[Site "Biel"]
[Date "27.07.2015"]
[Round "7"]
[White "Navara,D"]
[Black "Eljanov,P"]
[Result "1/2-1/2"]
[WhiteElo "2724"]
[BlackElo "2723"]
[EventDate "2015.07.20"]

1. c4 c5 2. Nf3 Nc6 3. d4 cxd4 4. Nxd4 Nf6 5. Nc3 e6 6. a3 Bc5 7. Nb3 Bb6
8. e4 O-O 9. Bg5 h6 10. Bh4 d6 11. Be2 a5 12. O-O a4 13. Nd2 Nd4 14. Nf3 e5
15. Nxd4 Bxd4 16. Nb5 Bc5 17. Bxf6 Qxf6 18. Bg4 Be6 19. Qe2 Qg6 20. h3 Rac8
21. Kh1 f5 22. exf5 Bxf5 23. Bxf5 Rxf5 24. Rad1 Rf4 25. Nc3 Rcf8 26. f3 Rh4
27. Nxa4 Bd4 28. Nc3 Bxc3 29. bxc3 Rc8 30. Qd3 Qxd3 31. Rxd3 Rhxc4 32. Rxd6
Rxc3 33. Rb1 Rc1+ 34. Rxc1 Rxc1+ 35. Kh2 Rc3 36. a4 Rc4 37. Rb6 e4 38. fxe4
Rxe4 39. a5 Re5 40. Rxb7 Rxa5 1/2-1/2